00731nam a2200193 a 450000100100000000500170001000800410002702000150006804000250008310000390010824000330014724500770018026000290025730000210028650400730030770000350038095201050041599900170052000004411320201002045144.0140516s1998 sp 000 0 spa d a843060314X aDO-SdBNPbspacBNPHU1 aBobbio, Norbertod1909-200494766010aDestra e sinistralespañol10aDerecha e izquierda /cBobio Norberto ; traducción, Alessandra Picone. aMadrid :bTaurus,c1998. a187 p. ;c19 cm. aIncluye referencias bibliográficas y notas al pie de las páginas12aPicone, Alessandraetr.947661 001050718MOaGRbGRcCTd2014-05-16iLF1l0o p44113-10r2020-06-25w2020-06-25y1ZNo se presta c43602d43602